000
00204 a2200097 4500
001
9253
100
_a
Talbot, F.g.
245
_a
Memories of Babar:
260
_a
_b
N.B.H.(Lahore)
_c
090
_c
7422
_d
7422
942
_a
NUST-CAE
_c
M
_c
34070
999
_c
244326
_d
244326